000 00865nam0a22002531 4500
001 rc\2604587
005 20250623132410.0
035 _a(NLR Aleph) 006768605
090 _a5920515
_c5920515
100 _a20110914d1930 |||y0rusy50 ca
101 0 _arus
102 _aRU
105 _ay z |||||
200 1 _aКомсомол и непрерывка
_fР. Владимиров
210 _a[Ленинград]
_cПрибой
_d1930
_gгос. тип. им. Евг. Соколовой
215 _a24 с.
_d15х11 см.
225 1 _aВ ногу с партией
700 1 _7ca
_8rus
_aВладимиров
_bР. В.
_cпарт. деятель
_f1906-1968
_gРоман Владимирович
_9234021
_3RU\NLR\AUTH\770234077
801 0 _aRU
_bNLR
_gpsbo
801 1 _aRU
_bELAR
_2rusmarc
852 _aNLR
_j30.8/1771
942 _cBOOK
980 _aNB